Statistiken für Die teuersten Fußballtransfers - Saison 2021-2022

Klicken Sie hier um das Quiz zu spielen!

Allgemein

  • Dieses Quiz wurde 43 mal gespielt
  • Das Durchschnittsergebnis liegt bei 8 aus 10

Antwortstatistiken

Ablöse (M €)NationalitätAbgebender VereinAufnehmender VereinSpieler% Korrekt
117,50EnglandAston VillaManchester CityJack Grealish
97%
85,00EnglandBorussia DortmundManchester UnitedJadon Sancho
97%
42,50FrankreichRB LeipzigBayern MünchenDayot Upamecano
95%
113,00BelgienInter MailandFC ChelseaRomelu Lukaku
95%
68,00MarokkoInter MailandParis SGAchraf Hakimi
89%
83,50SerbienAC FlorenzJuventus TurinDušan Vlahović
87%
47,00KolumbienFC PortoFC LiverpoolLuis Díaz
74%
55,00SpanienManchester CityFC BarcelonaFerran Torres
61%
56,50EnglandBrightonFC ArsenalBen White
47%
42,10BrasilienOlympique LyonNewcastle UnitedBruno Guimarães
42%

Verteilung der Resultate

Perzentil nach korrekt beantworteten Fragen

Anzahl Personen mit jedem Resultat

Ihre Resultats-Entwicklung

Sie haben dieses Quiz noch nicht gespielt